00000000nam##2200000za#4500
0019.618788
003CaOODSP
00520210615103042
007ta
008150406|2007||||xxc|||||     f|0| 0 eng|d
022 |a0706-6473
040 |aCaOODSP|beng
043 |an-cn---
0861 |aFs97-4/2800E
1101 |aCanada. |bDepartment of Fisheries and Oceans.
24510|aFish diets and food webs in the Northwest Territories : |bbull trout (Salvelinus confluentus) / |cby D.B. Stewart ... [et al.]
260 |aWinnipeg - Manitoba : |bFisheries and Oceans Canada |c2007.
300 |avi, 18p. : |bfig., glossary, references, tables ; |c28 cm.
4901 |aCanadian manuscript report of fisheries and aquatic sciences|x0706-6473|v2800
500 |a"Central and Arctic Region, Fisheries and Oceans Canada, 501 Univeristy Crescent, Winnipeg, Manitoba, R3T 2N6".--Title page.
5203 |aProvides a generalized food web for the species, and reviews knowledge of its interactions with predators, prey, and competitors. Dietary differences related to geographical location, habitat type, life history stage, season, predation, and competition are discussed.
546 |a(Résumé en français.)
563 |aSpiral binding
590 |a08-17|b2008-04-25
7201 |aStewart, D. B.
7760#|tFish diets and food webs in the Northwest Territories : |w(CaOODSP)9.580088
830#0|aCanadian manuscript report of fisheries and aquatic sciences,|x0706-6473|v2800|w(CaOODSP)9.514688